Profit

Bibliographic Details
Previous Title:Nový profit
Format: Journal
Language:Czech
PhysicalDescription:1 zv. 28 cm
Published: Praha Empresa Media 2012
Praha Mladá fronta
ISSN:1805-2592
1804-7076

MARC

LEADER 00000nas a2200000 a 4500
001 vtls010656060
003 SK-MaSNL
005 20260221123222.0
008 160429d20122012xr wr|p 0 b0cze d
022 |a 1805-2592 
040 |a SNK  |b slo  |c SNK  |e AACR2 
041 0 |a cze 
044 |a xr  |c CZ 
245 0 0 |a Profit 
260 |a Praha  |b Empresa Media  |c 2012 
260 3 |3 2012  |a Praha  |c Mladá fronta 
300 |a 1 zv.  |c 28 cm 
310 |a 1x týždenne 
362 0 |a Roč. 23, č. 2 (2012)-roč. 23, č. 31 (2012) 
500 |a Časopis je pokračovaním časopisu: Nový profit, ISSN 1804-7076 
500 |a Od č. 32-33/2012 do č. 17/2013 vychádza ako príloha denníka E15 
780 0 0 |t Nový profit  |x 1804-7076  |w vtls010656044 
910 |a snk 
999 |c 10050  |d 11980 
952 |0 0  |1 0  |4 0  |7 0  |8 4  |a SNK  |b SNK  |d 2015-02-13  |i snk2015/5365  |l 0  |o snkČB 5794/23/2012/1  |p 17A0871806  |r 2026-02-21 21:03:57  |t č. 1-17 + príl., neúplné  |w 2026-02-21  |y PREZ  |z Chýba č. 2,10,11 ; ; príloha v č. 5 - Český export č.20, ; príloha v č. 9 - Český export č. 21, ; príloha v č. 13 - Český export č. 22, ;  
952 |0 0  |1 0  |4 0  |7 0  |8 4  |a SNK  |b SNK  |d 2015-02-13  |i snk2015/5368  |l 0  |o snkČB 5794/23/2012/2  |p 17A0871807  |r 2026-02-21 21:03:57  |t č. 18-31 + príl.  |w 2026-02-21  |y PREZ  |z Číslom 31 bolo ukončené vydávanie časopisu. ; príloha v č. 18 - Český export č. 23, ; príloha v č. 19 - Český export č. 24, ; príloha v č. 26-27 - Český export č. 25, ;